Parole SCH Fusil - Statistiques

Statistiques générales
  • Ce quiz a été pris 540 fois
  • Le résultat moyen est 327 sur 500
Statistiques - réponses
Fusil Sch % Correct
De
97%
La
97%
Elle
95%
Le
94%
Que
94%
Voit
93%
T'ai
92%
A
91%
À
91%
Je
91%
Joué
91%
Évidemment
90%
J'ai
90%
Me
90%
Taille
90%
Jouets
89%
Joueur
89%
J'suis
89%
Des
88%
Plus
88%
Te
88%
D'mes
87%
Les
87%
Ma
87%
Dans
86%
Quand
86%
Est
85%
Se
85%
Larmes
83%
Quel
83%
Tout
83%
D'échoué
82%
Peu
82%
Beau
81%
Brille
81%
Ciel
81%
Du
81%
Haut
81%
Ou
81%
Point
81%
Douleurs
80%
Peur
80%
Nous
79%
Noyé
79%
Sur
79%
Tes
79%
T'es
79%
Diamants
78%
Et
78%
Sèche
78%
Faut
77%
L'eau
77%
Pas
77%
Coma
76%
Sorte
76%
J'realise
75%
Tu
75%
Avec
74%
Dos
74%
Sans
74%
Un
74%
On
72%
Mais
71%
Près
71%
En
69%
Fusil
69%
Mains
69%
Mourir
69%
Temps
69%
Love
68%
Par
68%
Grandi
67%
Même
67%
Teflon
67%
Une
67%
Braise
66%
D'épaule
66%
J'veux
66%
Changer
65%
J'la
65%
Cross
64%
L'vent
64%
M'as
64%
Mes
64%
Mon
64%
Dis
62%
Vu
62%
Moi
60%
60%
Ne
60%
Pour
59%
Son
59%
Coeur
58%
L'amour
58%
Ses
57%
C'est
55%
Mauve
55%
Depuis
53%
Lève
53%
Mis
53%
Solo
53%
Stoppé
53%
Tant
53%
Ton
53%
Oublié
52%
Oublie
52%
Riche
52%
Soleil
52%
Crever
51%
J'prefere
51%
Mère
51%
Regrets
51%
Rien
51%
Santé
51%
SMIC
51%
Aimer
50%
Comment
50%
L'ai
50%
L'aube
50%
Qu'on
50%
Reviennent
50%
J'en
49%
Qui
49%
Vivre
49%
Aille
48%
Dit
48%
Lèvres
48%
Pris
48%
Reste
48%
Vie
48%
Han
47%
Mal
47%
Nom
47%
Nos
47%
Risques
47%
Hier
46%
Jamais
46%
Murmures
46%
Photo
46%
Bendo
45%
Encore
45%
J'te
45%
Lambeaux
45%
Parti
45%
Promesse
45%
Sommeil
45%
Morts
44%
N'est
44%
Pauvre
44%
T'avais
44%
Affrontera
43%
Au
43%
Dirais
43%
Vit
43%
J'entends
42%
Laisse
42%
Seule
42%
Debout
41%
J'vais
41%
L'ego
41%
Lune
41%
Réalise
41%
Reflet
41%
Revenir
41%
Tomber
41%
Chérie
40%
Dedans
40%
Gorge
40%
Guerre
40%
J'vois
40%
Passe
40%
Perds
40%
Reviens
40%
Va
40%
Attends
39%
Nouée
39%
Qu'avant
39%
J'tiendrais
38%
Rêves
38%
Rond
38%
Senti
38%
Si
38%
Veste
38%
M'attends
37%
Sauve
37%
J'parle
36%
J'tourne
36%
Pis
36%
Restes
36%
T'aime
36%
Chiffre
35%
Devant
35%
Faire
35%
Leur
35%
Met
35%
Père
35%
Qu'elle
35%
Chose
34%
Detriment
34%
Entier
34%
Hantise
34%
Ivre
34%
L'avant
34%
M'entends
34%
Pire
34%
Vous
34%
Avant
33%
Meilleure
33%
Retourné
33%
S'estompent
33%
Te-te
33%
Celui
32%
Clair
32%
Disque
32%
Murs
32%
Peines
32%
J'le
31%
J'zone
31%
Longtemps
31%
M'arrive
31%
M'avoir
31%
Phalanges
31%
T'aide
31%
J'cause
30%
J'repense
30%
Plaies
30%
Teille
30%
Veux
30%
Violent
30%
Choisi
29%
Donne
29%
Savais
29%
T'as
29%
Gouache
27%
Crosse
24%
Hautes
24%
Nan
23%
Sauvée
23%
L'aveugle
20%
Vieillissent
20%
J'affronterai
15%
J'allais
12%
Aucun quiz correspondant
Distribution des résultats
% des personnes avec chaque résultat
Percentile par nombre de réponses
Votre historique - résultats
Vous n’avez pas pris ce quiz